| 000 | 00765nam a2200253 a 4500 | ||
|---|---|---|---|
| 001 | 68695 | ||
| 003 | BD-RJUL | ||
| 005 | 20211209081811.0 | ||
| 008 | 170405s1935 enkabgj b 001 0 eng d | ||
| 035 | _a(BD-RJUL) 68905 | ||
| 040 |
_aDLC _cLFM _dBD-RJUL _beng |
||
| 041 | _aeng | ||
| 082 |
_a962.0049272 _223 _bMUS 1935 |
||
| 100 | 1 |
_aMurray, G. W. _q(George William), _d1885- _9203605 |
|
| 245 | 1 | 0 |
_aSons of Ishmael : _ba study of the Egyptian Bedouin / _cby G.W. Murray. |
| 260 |
_aLondon : _bRoutledge, _c1935. |
||
| 300 |
_axv, 344 p. : _bill. ; _c26 cm |
||
| 500 | _aIncludes Index. | ||
| 650 | 0 |
_aBedouins _9166309 |
|
| 650 | 0 |
_aEthnology _zEgypt _9203606 |
|
| 650 | 0 |
_aEthnology _zEgypt _zShamāl Sīnāʼ _9203607 |
|
| 942 |
_2ddc _cBK |
||
| 999 |
_c68695 _d68695 |
||